000 01043aga a2200277 a 4500
005 20230511063540.0
008 991125s1970 mx 120 d daspa u
035 _aUPN01000052632
049 _aAV
050 4 _aPVI AC 716
245 0 0 _aSale y vale, 7.
260 _aMéxico :
_bCNCA :
_bSEP,
_c[198-].
300 _a1 videocasete (VHS) (120 min.)
440 0 _aSale y vale ;
_v7
505 8 _aContenido:
_tAccidentes caseros --
_tLa revolución mexicana --
_tSistema solar --
_tEl reloj
520 _aLos accidentes que suceden en el hogar suelen ser muy comunes; esto es lo que señalan los chicos del club. Además nos muestran algunos aspectos del sistema solar, la revolución mexicana y los relojes
650 2 _aAccidentes domésticos
_9102
650 2 _aSistema solar
_918922
650 2 _aTiempo
_xMedidas
_916031
651 4 _aMéxico
_xHistoria
_yRevolución, 1910-1917
_9223
740 0 _aAccidentes caseros
740 3 _aLa revolución mexicana
740 0 _aSistema solar
740 3 _aEl reloj
905 _aAudiovisuales
999 _c52632
_d52632